Bí quyết vàng cho người thành công = Dịch qua bản Trung văn của Thường Thái Hậu "Thành công giả lập thân xử sự hoàng kim pháp tắc"

Saved in:
Bibliographic Details
Main Author: Daile
Format: Book
Language:Undetermined
Published: Tp. HCM Tp. HCM 2003
Subjects:
Tags: Add Tag
No Tags, Be the first to tag this record!
Institutions: Trung tâm Học liệu Trường Đại học Cần Thơ
LEADER 00688nam a2200205Ia 4500
001 CTU_59254
008 210402s9999 xx 000 0 und d
020 |b 53000 
082 |a 158.1 
082 |b D133 
100 |a Daile 
245 0 |a Bí quyết vàng cho người thành công = 
245 0 |b Dịch qua bản Trung văn của Thường Thái Hậu "Thành công giả lập thân xử sự hoàng kim pháp tắc" 
245 0 |c Daile và Kanakea; Thanh Lâm biên dịch 
260 |a Tp. HCM 
260 |b Tp. HCM 
260 |c 2003 
650 |a psychology, applied 
904 |i Minh 
980 |a Trung tâm Học liệu Trường Đại học Cần Thơ